| 000 | 00856nam a22002655a 4500 | ||
|---|---|---|---|
| 005 | 20201128023652.0 | ||
| 008 | 160307t2014 xx frb 000 0 eng d | ||
| 020 | _a9781259170980 | ||
| 020 | _a1259170985 | ||
| 040 |
_aEG-ScBUE _beng _cEG-ScBUE |
||
| 082 | 0 | 4 |
_a303.483 _bTEC _222 |
| 245 | 0 | 0 |
_aTechnologies, social media, and society / _cedited by Daniel Mittleman. |
| 250 | _a20th ed. Annual ed. | ||
| 260 |
_a[S. l.] : _bMc-Graw Hill Education, _cc.2014. |
||
| 300 |
_aiv, 166 p. ; _c28 cm. |
||
| 504 | _aIncludes bibliographical references. | ||
| 650 | 7 |
_aSocial media. _2BUEsh _932891 |
|
| 650 | 0 |
_aInformation technology. _2BUEsh _95620 |
|
| 650 | 7 |
_aComputers. _2BUEsh _91995 |
|
| 650 | 7 |
_aComputers and civilization. _2BUEsh _934985 |
|
| 651 | _2BUEsh | ||
| 653 |
_bCOMAME _cMarch2016 |
||
| 700 | 1 |
_aMittleman, Daniel, _eeditor. |
|
| 942 | _2ddc | ||
| 999 |
_c21336 _d21308 |
||